| 000 | 01080cam a2200313 i 4500 | ||
|---|---|---|---|
| 999 |
_c23408 _d23408 |
||
| 001 | 2253856 | ||
| 003 | BDDh-ASL | ||
| 005 | 20231015030233.0 | ||
| 008 | 771207s1977 enk 000 0 eng | ||
| 010 | _a 77372341 | ||
| 015 | _aGB77-15017 | ||
| 020 | _c£1.00 | ||
| 040 |
_aDLC _cDLC _dDLC _dBDDh-ASL |
||
| 041 | 1 | _aengper | |
| 050 | 0 | 0 |
_aBP170 _b.M8513 |
| 082 | 0 | 0 |
_a909.09821 _bMUW |
| 100 | 2 | _aMūsavī Lārī, Mujtabá. | |
| 240 | 1 | 0 |
_aSīmā-yi tamaddun-i Gharb. _lEnglish |
| 245 | 1 | 0 |
_aWestern civilisation through Muslim eyes / _cby Sayid Mujtaba Rukni Musawi Lari ; translated [from the Persian] by F. J. Goulding. |
| 260 |
_aGuildford : _bF. J. Goulding ; _aWorthing : _b[Distributed by] Optimus Books, _c1977. |
||
| 300 |
_axii, 146 p. ; _c23 cm. |
||
| 500 | _aTranslation of Sīmā-yi tamaddun-i Gharb. | ||
| 650 | 0 |
_aIslam _xApologetic works. |
|
| 650 | 0 |
_aIslam _xEssence, genius, nature. |
|
| 650 | 0 |
_aCivilization, Modern _y20th century. |
|
| 650 | 0 | _aCivilization, Western. | |
| 906 |
_a7 _bcbc _corignew _d3 _encip _f19 _gy-gencatlg |
||
| 942 |
_2ddc _cBK |
||